Представление документа в формате RUSMARC

ПолеНазваниеЗначение
  Тип записи a
  Библиографический уровень m
001 Контрольный номер RU/IS/BASE/546701847
005 Дата корректировки 20260225084526.5
010 Индекс ISBN __
a ISBN 5-9524-1290-4
b Уточнения в пер.
d Цена 26 р. 10 к.
9 Тираж 8 000 экз.
100 Данные общей обработки __
a Данные общей обработки 20161219d2016 ||| 0rusy0189 ca
101 Язык документа 0_
a Язык текста rus
102 Страна публикации __
a Страна публикации RU
105 Кодированные данные (монография) __
a Кодированные данные (монография) y###||||000|y
200 Заглавие и сведения об ответственности 1_
a Заглавие Побег из коридоров МИДа
e Сведения, относящиеся к заглавию судьба перебежчика века
f Первые сведения об ответственности Г. А. Шевченко
210 Выходные данные 1_
a Место издания Москва
c Издательство Центрполиграф
d Дата издания 2004
215 Физическое описание __
a Объем 366, [1] с.
c Иллюстрации/тип воспроизводства фото
d Формат 20,5 см.
300 Общие примечания __
a Общие примечания 16+
300 Общие примечания __
a Общие примечания Под инв. номером 112895: 2-1, 8-1
606 Тематические рубрики 0_
a Основная рубрика Органы государственной безопасности России - История
610 Ключевые слова 0_
a Ключевые слова органы госбезопасности
a Ключевые слова история органов госбезопасности
a Ключевые слова биографии
a Ключевые слова деятели МИДа
a Ключевые слова перебежчики
a Ключевые слова дипломаты
686 Индексы других классификаций __
a Классификационный индекс 67.401.21
2 Код системы ББК
700 Автор _0
a Фамилия Шевченко
b Имя (инициалы) Г. А.
g Полное личное имя Геннадий Аркадьевич
801 Источник записи _0
a Страна RU
b Организация МБУК ЦБС
c Дата составления 20161219
g Правила каталогизации RCR
801 Источник записи _1
a Страна RU
b Организация МБУК ЦБС г. Ульяновска
c Дата составления 20161219
g Правила каталогизации RCR
852 Данные о местонахождении __
i Авторский знак Ш 37
j Шифр хранения 67.401
900 Электронные ресурсы __
a Имя электронного ресурса побег из кор.
901 Тип документа __
t Тип документа m